| 000 | 00633nam a22002052 4500 | ||
|---|---|---|---|
| 001 | 0000011744 | ||
| 005 | 20151217152101.0 | ||
| 008 | 090106s xx 000 0 eng d | ||
| 040 |
_aKABU _cKABU |
||
| 100 | 1 |
_aOates, Stephen B. _@0000079516 |
|
| 245 | 1 | 4 |
_aThe Fires of jubilee : _bNat Turner's fierce rebellion / _cStephen B. Oates. |
| 250 | _a1st ed. | ||
| 260 |
_aNew York : _bMentor, _c1976. |
||
| 300 | _aix, 214 p. | ||
| 600 | 1 | 0 |
_aTurner, Nat, _d1800?-1831. _@0000039109 |
| 650 | 0 |
_aSouthampton insurrection _y1831. _@0000167744 |
|
| 852 | 1 | _9p200 KES | |
| 908 | _a090106 | ||
| 950 | _@1 | ||
| 999 |
_c8047 _d8047 |
||